000 00443nam a2200157 i 4500
001 bg
245 0 0 _aMały słownik techniczny polsko-grecki i grecko-polski.
260 _aWarszawa :
_bWydawnictwa Naukowo-Techniczne,
_c1983.
650 4 _aTechnika
_xterminologia
650 4 _aSłowniki polsko-greckie
650 4 _aSłowniki grecko-polskie
040 _cBPK
041 _apol
942 _cKS
008 s pl f |000 0 pol
999 _c22424
_d22424
856 _uhttp://koha.tu.koszalin.pl/cgi-bin/koha/opac-detail.pl?biblionumber=22424
_yKatalog online BPK